| 000 | 00631nam a2200229 a 4500 | ||
|---|---|---|---|
| 999 |
_c1859 _d1859 |
||
| 007 | ta | ||
| 008 | 200121t2008 xxu||||g |||| 00| 0 eng d | ||
| 020 |
_a9781422179741 _cRs. 1250.00 |
||
| 040 |
_aKO _beng |
||
| 041 | 0 | _aeng | |
| 044 | _axxu | ||
| 082 | 0 | 4 |
_223 _a658.4038 _bN7307 |
| 100 | 1 | _aNonaka, Ikjiro | |
| 245 | 1 | 0 |
_aThe Knowledge Creating Company / _cIkjiro Nonaka |
| 260 |
_aBoston : _bHarvard Business Press , _c2008 . |
||
| 300 |
_av , 59 p. : _c18 cm . |
||
| 490 | 0 | _aHarvard Business Review Classics ; | |
| 650 | 0 |
_aKnowledge management _vHandbooks, manuals, etc |
|
| 904 | _aReshma_R | ||
| 942 | _cBK | ||